Metodika popisu tlačí 18. a 19. storočia vo formáte UNIMARC v systéme ISIS. (Monografie) (príručka používateľa) : verzia V 1.1

Bibliographic Details
Main Authors: Augustínová, Eva, 1963- (Author), Klimeková, Agáta, 1955- (Author), Ondroušková, Janka, 1960- (Author)
Format: Book
Language:Slovak
PhysicalDescription:86 s. 30 cm
Published: Martin Matica slovenská 1998
ISBN:8070905107
Series:Štandardizačné a metodické materiály
Subjects:

MARC

LEADER 00000nam a2200000 a 4500
001 vtls001350989
003 SK-MaSNL
005 20260301114822.0
008 251113s1998 xo r 0 slo
015 |a SNBA1999/05-01915 
020 |a 8070905107 
035 |a SNK000304342 
035 |a urn:nbn:sk:snk-amtjx8 
035 |a urn:nbn:sk:snk-am00c6mg 
035 |a E19E7938-7E65-4F05-B3AE-08E479FDAF21 
040 |a SNK  |b slo  |c SNK  |e AACR2 
041 0 |a slo 
044 |a xo  |c SK 
080 |a 002:025.3:006.72:094"17/18"  |2 1981 
080 |a 025.3:094"17/18"  |2 1981 
080 |a 006.72:094"17/18"  |2 1981 
100 1 |a Augustínová, Eva,  |d 1963-  |4 aut  |9 103927 
245 1 0 |a Metodika popisu tlačí 18. a 19. storočia vo formáte UNIMARC v systéme ISIS. (Monografie)  |b (príručka používateľa) : verzia V 1.1  |c vypracovali: Eva Augustínová, Agáta Klimeková, Janka Ondroušková 
260 |a Martin  |b Matica slovenská  |c 1998 
300 |a 86 s.  |c 30 cm 
490 1 |a Štandardizačné a metodické materiály  |v zv. 15 
650 0 7 |a tlače staré  |y stor. 18.-19.  |x popis bibliografický  |x UNIMARC (formát)  |x príručky metodické  |2 SNK  |9 458855 
650 0 7 |a popis bibliografický  |x tlače staré  |y stor. 18.-19.  |x UNIMARC (formát)  |x príručky metodické  |2 SNK  |9 458856 
650 0 7 |a UNIMARC formát  |x príručky metodické  |2 SNK  |9 61261 
655 7 |a príručky  |2 SNK  |9 74364 
700 1 |a Klimeková, Agáta,  |d 1955-  |4 aut  |9 256206 
700 1 |a Ondroušková, Janka,  |d 1960-  |4 aut  |9 122317 
830 0 |a Štandardizačné a metodické materiály  |9 289833 
919 |a 80-7090-510-7 
958 |a TL 
999 |c 719878  |d 721808 
952 |t P60, <03>, [BOOK], {603}  |a SNK  |b SNK  |y PREZ  |7 0  |p 17A0174269  |o snkSB 59668  |i snkKSP 11740/98  |0 0  |1 0  |4 0  |d 1998-12-21  |f 1  |l 0  |r 2025-04-08 00:00:00  |w 2026-02-23 
952 |t P60, <04>, [BOOK], {604}  |a SNK  |b SNK  |y VYP  |7 0  |p 17A0174270  |o snkSB 59668 D1  |i snkKSP 11741/98  |0 0  |1 0  |4 0  |d 1998-12-21  |l 0  |r 2005-01-02 00:00:00  |w 2026-02-23 
952 |t  snkAUG 025.31 UN  |a SNKUST  |b SNKUST  |y PREZ  |7 0  |p 17A0097307  |o snkSB 59668 D2  |i snk2010/16472  |8 5  |0 0  |1 0  |4 0  |d 1999-01-30  |l 0  |r 2025-04-30 00:00:00  |w 2026-02-23